| 000 | 00965nam a22002655i 4500 | ||
|---|---|---|---|
| 001 | 11904 | ||
| 003 | ES-MaACL | ||
| 005 | 20250302202838.0 | ||
| 007 | t| | ||
| 008 | 950908s1994 sp ||||0| spa j | ||
| 020 | _a84-481-1831-6 | ||
| 040 |
_aM-BN _bspa _cM-BN |
||
| 080 | _a001"19" | ||
| 100 | 1 |
_aCalvo Hernando, Manuel. _933886 |
|
| 245 | 1 | 3 |
_aLa ciencia en el tercer milenio _b: desafíos, direcciones y tendencias / _cManuel Calvo Hernando ; prólogo de Federico Mayor Zaragoza. |
| 260 |
_aMadrid : _bMcGraw-Hill, Interamericana de España, _cD.L. 1994. |
||
| 300 |
_aXIII, 253 p : _bil ; _c21 cm. |
||
| 490 | 1 | _aSerie McGraw-Hill de divulgación científica | |
| 504 | _aBibliografía: p. 248-253. | ||
| 650 | 1 | 4 |
_aCiencia- _yS.XX. _910964 |
| 700 | 1 |
_aMayor Zaragoza, Federico, _d1934-2024 _979415 |
|
| 830 | 0 |
_aSerie McGraw-Hill de divulgación científica _9178515 |
|
| 852 |
_aES-MaACL _jL-19165 _bR.123723 |
||
| 999 |
_c11904 _d11904 |
||